| 000 | 00827nam a2200265Ia 4500 | ||
|---|---|---|---|
| 001 | Z_589 | ||
| 003 | CHAP | ||
| 008 | 220113s1949 xx 000 0 und d | ||
| 010 | _a163699 | ||
| 040 | _cCHAP | ||
| 090 | _aTesis P 585 | ||
| 100 |
_aPeña de los Santos, Julio _986777 |
||
| 245 |
_aTransformación de una zona ganadera a una agrícola, en el Edo. de Veracruz, Municipio de Martínez de la Torre / _cpor Julio Peña de los Santos |
||
| 260 |
_aChapingo, Méx. : _bEl autor, _c1949 |
||
| 300 | _a48 h.; ilus. | ||
| 502 | _aTesis (Ing. Agrónomo Esp. en Ganadería -- ENA. Departamento de Zootecnia | ||
| 650 |
_aAgricultura _xPlaneación _xVeracruz _9137822 |
||
| 650 |
_aSistemas de cultivos _9137823 |
||
| 901 | _aTESIS P 585 | ||
| 902 | _aM | ||
| 910 | _a1949 | ||
| 942 | _c2 | ||
| 942 | _c2 | ||
| 999 |
_c163699 _d163699 |
||